Most popular baby boy names The Netherlands 2025 - Statistics

General Stats
  • This quiz has been taken 26 times
  • The average score is 14 of 50
Answer Stats
Hint Answer % Correct
1 Noah
73%
14 Daan
67%
49 Jan
60%
2 Liam
60%
25 Oliver
60%
48 David
53%
8 Sam
53%
4 Sem
53%
12 Adam
47%
30 Benjamin
47%
9 Finn
47%
3 Luca
47%
7 Lucas
47%
35 Thomas
47%
6 James
33%
10 Levi
33%
44 Lio
33%
18 Luuk
33%
41 Max
33%
17 Mason
27%
33 Owen
27%
20 Bram
20%
32 Elias
20%
19 Guus
20%
42 Hugo
20%
38 Jesse
20%
37 Julian
20%
39 Kai
20%
5 Mees
20%
47 Milo
20%
50 Mohammed
20%
23 Siem
20%
16 Zayn
20%
34 Boaz
13%
24 Floris
13%
43 Jens
13%
36 Joep
13%
15 Mats
13%
21 Olivier
13%
22 Otis
13%
26 Teun
13%
46 Ties
13%
40 Abel
7%
28 Gijs
7%
13 Milan
7%
31 Moos
7%
29 Morris
7%
11 Noud
7%
27 Tobias
7%
45 Ted
0%
No matching quizzes found
Score Distribution
Percent of People with Each Score
Percentile by Number Answered
Your Score History
You have not taken this quiz